| 000 | 00478 a2200181 4500 | ||
|---|---|---|---|
| 005 | 20260407143337.0 | ||
| 008 | 260407b |||||||| |||| 00| 0 eng d | ||
| 020 |
_a9789384533014 _cRs. 2995.00 |
||
| 040 | _aMAIN | ||
| 082 |
_a300.72 _bG181R |
||
| 100 | _aGarg, Bhawna | ||
| 245 | _aResearch methodology: Approaches and techniques | ||
| 260 |
_bAmiga Press _c2024 _aDelhi |
||
| 300 | _aviii, 224w | ||
| 650 | _aSocial Sciences | ||
| 650 | _aResearch Methods | ||
| 942 | _cBK | ||
| 999 |
_c396891 _d396891 |
||